Statistics for Mixed Country Shapes

Click here to take the quiz!

General Stats

  • This quiz has been taken 361 times
  • The average score is 50 of 94

Answer Stats

Left halfRight halfCountries% Correct
Panama - Vietnam
85%
Andorra - Philippines
81%
Croatia - Brazil
80%
Thailand - Jamaica
80%
Norway - Fiji
78%
Denmark - Gambia
77%
Finland - Italy
77%
Russia - Sri Lanka
77%
Haiti - South Africa
75%
Montenegro - Cyprus
75%
Bahrain - Peru
74%
France - North Korea
73%
Papua New Guinea - Uzbekistan
73%
Australia - Latvia
72%
Greece - Liberia
72%
Maldives - Libya
72%
South Sudan - Japan
72%
Ireland - Burkina Faso
71%
East Timor - Burma
70%
Cambodia - United Kingdom
69%
Cuba - Mauritania
69%
Senegal - Lebanon
69%
Monaco - Switzerland
68%
Malta - Germany
66%
Chad - Indonesia
65%
Iraq - D.R. Congo
65%
Uganda - United States
65%
Bangladesh - Estonia
63%
Belgium - Mexico
63%
Canada - Honduras
63%
Egypt - Palau
63%
Kenya - Israel
63%
Somalia - Central African Republic
62%
South Korea - New Zealand
62%
Argentina - China
61%
Sweden - Mali
61%
Barbados - Syria
60%
Czech Republic - Iceland
60%
Benin - Grenada
59%
Namibia - Azerbaijan
59%
Macedonia - Cameroon
58%
Nepal - Bolivia
58%
Samoa - Afghanistan
58%
Kazakhstan - Antigua and Barbuda
57%
Austria - Costa Rica
55%
Mozambique - Oman
55%
Comoros - Zambia
54%
Slovakia - Bahamas
53%
Nicaragua - Georgia
52%
Seychelles - Romania
50%
Yemen - San Marino
50%
Botswana - Tunisia
49%
Portugal - Morocco
49%
Tajikistan - Kuwait
49%
Bhutan - Netherlands
48%
Guatemala - Angola
48%
Suriname - Spain
47%
Belize - Saudi Arabia
46%
Poland - Kosovo
46%
Tanzania - Turkey
46%
Colombia - Luxembourg
45%
Vatican City - Bosnia and Herzegovina
45%
Jordan - Equatorial Guinea
44%
Solomon Islands - Bulgaria
44%
Hungary - India
42%
Venezuela - Trinidad and Tobago
42%
Ghana - Niger
41%
Guyana - Eritrea
41%
Albania - Dominica
40%
Kyrgyzstan - Chile
40%
Armenia - Malaysia
39%
Côte d'Ivoire - Mongolia
39%
Pakistan - Iran
39%
Belarus - Saint Lucia
38%
Zimbabwe - St. Vincent and the Grenadines
36%
Brunei - Serbia
35%
Burundi - Turkmenistan
34%
Cape Verde - Guinea
34%
Slovenia - Rwanda
34%
Sudan - Lesotho
34%
United Arab Emirates - Malawi
34%
Saint Kitts and Nevis - Madagascar
33%
Taiwan - Algeria
32%
Laos - Singapore
31%
Moldova - Ukraine
31%
Nigeria - Mauritius
30%
Uruguay - Ecuador
30%
Sierra Leone - São Tomé and Príncipe
29%
El Salvador - Republic of the Congo
28%
Dominican Republic - Guinea-Bissau
27%
Ethiopia - Lithuania
26%
Djibouti - Qatar
25%
Swaziland - Togo
25%
Gabon - Liechtenstein
17%

Score Distribution

Percentile by Number Answered

Percent of People with Each Score

Your Score History

You have not taken this quiz